Online
Catalog

Caprichos / (Record no. 19064)

MARC details
000 -CABECERA
campo de control de longitud fija 00850cam a2200265 a 4500
001 - NÚMERO DE CONTROL
campo de control 000019548
005 - FECHA Y HORA DE LA ÚLTIMA TRANSACCIÓN
campo de control 20200929170044.0
008 - DATOS DE LONGITUD FIJA--INFORMACIÓN GENERAL
campo de control de longitud fija 731019s1962 sp 001 f spa d
035 ## - NÚMERO DE CONTROL DEL SISTEMA
Número de control de sistema (DLC) 64046811
035 ## - NÚMERO DE CONTROL DEL SISTEMA
Número de control de sistema (OCoLC)720730
040 ## - FUENTE DE LA CATALOGACIÓN
Centro catalogador/agencia de origen DO-SdBNP
Centro/agencia transcriptor OTifH
Centro/agencia modificador DLC
-- BNPHU
082 ## - NÚMERO DE LA CLASIFICACIÓN DECIMAL DEWEY
Número de clasificación 863.6
Número de documento/Ítem G633c
049 ## - FONDOS LOCALES (OCLC)
Fondos de biblioteca BNGR
100 1# - ENTRADA PRINCIPAL--NOMBRE DE PERSONA
Nombre de persona Gómez de la Serna, Ramón,
Fechas asociadas al nombre 1888-1963
9 (RLIN) 14278
245 10 - MENCIÓN DE TÍTULO
Título Caprichos /
Mención de responsabilidad, etc. Ramón Gómez de la Serna.
260 ## - PUBLICACIÓN, DISTRIBUCIÓN, ETC.
Lugar de publicación, distribución, etc. Madrid :
Nombre del editor, distribuidor, etc. Espasa-Calpe,
Fecha de publicación, distribución, etc. 1962.
300 ## - DESCRIPCIÓN FÍSICA
Extensión 228 p. ;
Dimensiones 18 cm.
490 1# - MENCIÓN DE SERIE
Mención de serie Austral. Azul: novelas y cuentos en general
Designación de volumen o secuencia 1321
500 ## - NOTA GENERAL
Nota general Incluye índice de autores
650 #4 - PUNTO DE ACCESO ADICIONAL DE MATERIA--TÉRMINO DE MATERIA
Término de materia o nombre geográfico como elemento de entrada Novela española
9 (RLIN) 1123
650 #4 - PUNTO DE ACCESO ADICIONAL DE MATERIA--TÉRMINO DE MATERIA
Término de materia o nombre geográfico como elemento de entrada Literatura española
Subdivisión cronológica SIGLO XX
9 (RLIN) 3326
830 #0 - PUNTO DE ACCESO ADICIONAL DE SERIE-TÍTULO UNIFORME
Título uniforme Austral.
Nombre de parte o sección de la obra Azul: novelas y cuentos en general
Designación de volumen o secuencia 1321
9 (RLIN) 22386
910 ## - DATOS DE OPCIÓN DEL USUARIO (OCLC)
Datos de opción del usuario Catalogación derivada / LC
910 ## - DATOS DE OPCIÓN DEL USUARIO (OCLC)
Datos de opción del usuario WM
Holdings
Estado de retiro Estado de pérdida Restricciones de uso No para préstamo Código de colección Localización permanente Ubicación/localización actual Ubicación en estantería Fecha de adquisición Número de inventario Total de préstamos Signatura topográfica completa Código de barras Fecha visto por última vez Precio válido a partir de Tipo de ítem Koha
        Monografías: Libros y Folletos General General Depósito 30.06.2010 LF1   863.6 G633c 19548-10 25.06.2020 25.06.2020 Préstamo en sala

Powered by Koha